| 000 | 00592nac a22001571u 4500 | ||
|---|---|---|---|
| 020 | _a8176639591 | ||
| 082 |
_a658.1511 _bG9775 |
||
| 090 |
_c342 _d342 |
||
| 100 | _aGupta, Shashi K. | ||
| 245 |
_aFinancial and management acounting _bfor BBA II year students of Madras University/ _cShashi K. Gupta, R.K. Sharma |
||
| 260 |
_aNew Delhi _bKalyani _c2001 |
||
| 650 | _aManagerial accounting | ||
| 700 | _4Sharma, R.K. | ||
| 942 |
_cBB _k658.1511G9775 |
||
| 999 |
_c342 _d342 |
||